000 00919cab a22002175a 4500
001 ##E134976
008 060324s2006 xxk f 000 0 eng d
035 _a(Sirsi) u134976
041 0 _aeng
100 1 _aMcCartney, Frances
245 0 0 _aLicensed to kill?
260 _c2006
490 0 _aScottish Planning and Environmental Law
_v(116) August 2006, 79-81(3)
520 _aLooks at the issues arising from the interaction of the planning system with legislation regulating wildlife crime discussing some unexpected consequences that the Nature Conservation (Scotland) Act 2004 may have for planning authorities.
590 _aIKA190906
650 2 4 _aNATURE CONSERVATION (SCOTLAND) ACT 2004
650 2 4 _aWILDLIFE AND COUNTRYSIDE ACT 1981
651 4 _aScotland
_y1999-
690 _aENVIRONMENTAL AND LAND CONSULTANCY-ENVIRONMENTAL MANAGEMENT-ENVIRONMENTAL CONSERVATION-WILDLIFE CONSERVATION
942 _n0
999 _c77732
_d77732